000 00787nam a2200241Ia 4500
005 20220317001107.0
008 160825s2005 ck a g 000 0 spa
020 _a97895820039012
082 0 4 _a372.868
_bE71d
100 1 _aEscobar Zamora, Cielo Patricia
245 1 0 _aDanzas lúdicas para preescolar
_ba ritmo de nuestro folclor
_cCielo Patricia Escobar
250 _a3a. edición
300 _a165 páginas
_bilustraciones
_b22 cm
490 _aArtísticamente
500 _aIncluye bibliografía
650 1 4 _2LEMB
_aDanzas infantiles
_xEnseñanza
942 _2ddc
_cBK
264 _aBogotá
_bMagisterio
_c2005
336 _atexto
_btxt
_2rdacontent
337 _asin mediación
_bn
_2rdamedia
338 _avolumen
_bnc
_2rdacarrier
040 _aCO-BoRNBP
_bspa
_erda
_cCO-BoRNBP
999 _c5903
_d5903